The electron microscope (Record no. 6168)
[ view plain ]
| 000 -LEADER | |
|---|---|
| fixed length control field | 00582nam a2200193Ia 4500 |
| 003 - CONTROL NUMBER IDENTIFIER | |
| control field | IN-BaIIA |
| 008 - FIXED-LENGTH DATA ELEMENTS--GENERAL INFORMATION | |
| fixed length control field | 211028s9999 xx 000 0 eng d |
| 040 ## - CATALOGING SOURCE | |
| Transcribing agency | IIA Library |
| 080 ## - UNIVERSAL DECIMAL CLASSIFICATION NUMBER | |
| Universal Decimal Classification number | 535.82 |
| Item number | BUR |
| 100 ## - MAIN ENTRY--PERSONAL NAME | |
| Personal name | Burton, E. F. |
| 9 (RLIN) | 2018 |
| 245 #4 - TITLE STATEMENT | |
| Title | The electron microscope |
| Remainder of title | an introduction to its fundamental principles and applications |
| Statement of responsibility, etc. | E. F. Burton and W. H. Kohl |
| 260 ## - PUBLICATION, DISTRIBUTION, ETC. | |
| Place of publication, distribution, etc. | New York |
| Name of publisher, distributor, etc. | Reinhold Publishing |
| Date of publication, distribution, etc. | 1942 |
| 300 ## - PHYSICAL DESCRIPTION | |
| Extent | 233p. |
| 650 ## - SUBJECT ADDED ENTRY--TOPICAL TERM | |
| Topical term or geographic name entry element | Electron microscopes |
| 9 (RLIN) | 2061 |
| 650 ## - SUBJECT ADDED ENTRY--TOPICAL TERM | |
| Topical term or geographic name entry element | Microscopes |
| 650 ## - SUBJECT ADDED ENTRY--TOPICAL TERM | |
| Topical term or geographic name entry element | NASA Thesaurus |
| 700 ## - ADDED ENTRY--PERSONAL NAME | |
| Personal name | Kohl, W. H. |
| 9 (RLIN) | 10652 |
| 942 ## - ADDED ENTRY ELEMENTS (KOHA) | |
| Koha item type | Books |
| Withdrawn status | Lost status | Damaged status | Not for loan | Home library | Current library | Shelving location | Date acquired | Total Checkouts | Full call number | Barcode | Date last seen | Price effective from | Koha item type |
|---|---|---|---|---|---|---|---|---|---|---|---|---|---|
| IIA Library-Bangalore | IIA Library-Bangalore | General Stacks | 07/04/1979 | 535.82/ BUR | 6880 | 05/11/2021 | 07/04/1979 | Books |